| 000 | 00985 a2200229 4500 | ||
|---|---|---|---|
| 001 | 60395 | ||
| 005 | 20260407155855.0 | ||
| 008 | 260407a2004 arg spa d | ||
| 003 | AR-UNSa-BCEJYS | ||
| 040 |
_aAR-UNSa-BCEJYS _bspa _cAR-UNSa-BCEJYS |
||
| 080 |
_a330 _xEconomía en general |
||
| 245 | 1 | 0 | _aEconomía |
| 020 | _a978-950-701-859-6 | ||
| 264 | 1 |
_aBuenos Aires : _bAique Grupo Editor _c2004 |
|
| 300 |
_a195 p. _c23 cm. |
||
| 505 | _a1. ¿Qué es la economía? - 2. Los grandes debates económicos a través del tiempo – 3. El pensamiento económico moderno – 4. El sistema y los agentes económicos – 5. La demanda – 6. La oferta de bienes y servicios – 7. El mercado – 8. Macroeconomía – 9. Problemas económicos contemporáneos – 10. Los modelos de la economía argentina – 11. De cara al siglo XXI | ||
| 041 | _aspa | ||
| 942 | _cBK | ||
| 590 | _aniveau_biblio:m niveau_hierar:0 | ||
| 100 | 1 | _aMaas, Pablo Luis | |
| 700 | 1 | _aCastillo, José Ernesto | |
| 999 |
_c6964 _d6964 |
||